Die teuersten Fußballtransfers - Torwarte - Saison 2018-2019 - Statistiken

Allgemein
  • Dieses Quiz wurde 25 mal gespielt
  • Das Durchschnittsergebnis liegt bei 6 aus 10
Antwortstatistiken
Ablöse (M €) Nationalität Abgebender Verein Aufnehmender Verein Spieler % Korrekt
62,50 Brasilien AS Rom FC Liverpool Alisson
100%
25,00 Deutschland Bayer Leverkusen FC Arsenal Bernd Leno
100%
35,00 Belgien FC Chelsea Real Madrid Thibaut Courtois
95%
80,00 Spanien Athletic Bilbao FC Chelsea Kepa Arrizabalaga
91%
18,00 Portugal Sporting Wolverhampton Rui Patrício
82%
16,30 Italien Genua CFC Juventus Turin Mattia Perin
50%
9,00 Schweden FC Kopenhagen AS Rom Robin Olsen
45%
14,00 Wales FC Liverpool Leicester City Danny Ward
41%
9,00 Polen AS Rom FC Bologna Lukasz Skorupski
27%
11,30 England / Schottland Manchester City Southampton Angus Gunn
9%
Keine übereinstimmenden Quizze gefunden
Verteilung der Resultate
Anzahl Personen mit jedem Resultat
Perzentil nach korrekt beantworteten Fragen
Ihre Resultats-Entwicklung
Sie haben dieses Quiz noch nicht gespielt